| 000 | 00952nac a22002891i 4500 | ||
|---|---|---|---|
| 003 | EG-ScBUE | ||
| 005 | 20230426103106.0 | ||
| 008 | 230426s1990 enk f 000 0 eng d | ||
| 020 | _a0571168655 | ||
| 020 | _a9780571168651 | ||
| 040 |
_aEG-ScBUE _beng _erda _cEG-ScBUE _dEG-ScBUE |
||
| 082 | 0 | 4 |
_a781.640922 _bHAR _222 |
| 100 | 1 |
_aHardy, Phil, _eauthor. |
|
| 245 | 1 | 4 |
_aThe Faber companion to 20th-century popular music / _cPhil Hardy and Dave Laing. |
| 264 | 1 |
_aLondon ; _aBoston : _bFaber and Faber, _c1990. |
|
| 300 |
_aix, 875 pages ; _c24 cm |
||
| 336 |
_2rdacontent _atext _btxt |
||
| 337 |
_2rdamedia _aunmediated _bn |
||
| 338 |
_2rdacarrier _avolume _bnc |
||
| 650 | 7 |
_aPopular music _xBio-bibliography _xDictionaries. _2BUEsh |
|
| 653 | _bART | ||
| 655 | _vReading book | ||
| 700 | 1 |
_aLaing, Dave, _eauthor. |
|
| 740 | 0 | _aFaber companion to twentieth-century popular music. | |
| 942 |
_cBB _2ddc |
||
| 999 |
_c9963 _d9963 |
||